000
00385nam a22001577a 4500
003
MPLRDC
005
20220104114044.0
008
210129b ||||| |||| 00| 0 eng d
082
_a
830 SNET v.4
100
_a
韩兆琦
245
_a
唐宋古体诗选讲
_c
260
_a
_b
中国少年儿童出版社
_c
300
_b
平
650
_a
中国文学总集
942
_c
BK
_o
830 SNET v.4
999
_c
4462
_d
4452